Microbiology fundamentals a clinical approach

Guardat en:
Dades bibliogràfiques
Autor principal: COWAN, Marjorie Kelly
Format: Llibre
Idioma:anglès
Publicat: McGraw - Hill Education 2016
Etiquetes: Afegir etiqueta
Sense etiquetes, Sigues el primer a etiquetar aquest registre!

MARC

LEADER 00000nam a22000007a 4500
008 210426b ||||| |||| 00| 0 eng d
020 |a 978-1-259-25233-4 
100 |a COWAN, Marjorie Kelly 
245 |a Microbiology fundamentals  |b a clinical approach  |c Marjorie Kelly Cowan with Jennifer Bunn, Ronald M. Atlas, Heidi Smith  |g xx, 655p.; ill. 
250 |b 2nd ed. 
260 |b McGraw - Hill Education  |c 2016  |h New York  |i 691274   |i 691275   |l QR41.2 .C83  |m Microbiology 
500 |a “It includes index”. 
942 |a lcc  |c BK  |e Ogunmilade, F.T.  |f 26/04/2021 
952 |0 0  |1 0  |2 lcc  |4 0  |6 QR00412 C83  |7 0  |9 2291  |a HOL  |b SL  |c QZ  |d 2021-04-26  |l 0  |o QR41.2.C83  |p 2021-6145  |r 2021-04-26 00:00:00  |w 2021-04-26  |y BK 
952 |0 0  |1 0  |2 lcc  |4 0  |6 QR00412 C83  |7 0  |9 2292  |a HOL  |b HOL  |c QZ  |d 2021-04-26  |l 0  |o QR41.2.C83  |p 2021-6146  |r 2021-04-26 00:00:00  |w 2021-04-26  |y BK 
952 |0 0  |1 0  |2 lcc  |4 0  |6 QR00412 C83  |7 0  |9 2356  |a HOL  |b SL  |c QZ  |d 2021-04-27  |l 0  |o QR41.2 .C83  |p 2021-6210  |r 2021-04-27 00:00:00  |w 2021-04-27  |y BK 
999 |c 1179  |d 1179